000 00829nam a2200277 i 4500
001 000009147
003 DO-SdBNP
005 20240925125304.0
007 ta
008 090928s1938 dr 000 p spa d
040 _aDO-SdBNP
_bspa
_cBNPHU
_erda
049 _aBNPD
082 4 _aRD861.3
_bF438m
_222
100 1 _aFiallo, Fabio,
_d1866-1942
_934816
245 1 0 _aSus mejores versos /
_cFabio Fiallo.
264 _aSantiago de los Caballeros :
_bEl Diario,
_c1938
300 _a150 páginas ;
_c16 cm.
336 _2rdacontent
_atexto
_btxt
337 _2rdamedia
_asin mediación
_bn
338 _2rdacarrier
_avolumen
_bnc
590 _aInventariado, 2024/BT
650 4 _aPoesía dominicana
_966
_2LEMB
650 4 _aLiteratura dominicana.
_967
_2LEMB
910 _aValidado. Control de calidad. MMOLINA
942 _2ddc
_cLBS1
999 _c8911
_d8911